000 00494nam a22001697a 4500
008 230504b |||||||| |||| 00| 0 eng d
040 _aNational Science Library
_cNational Science Library
080 _a621.793.5:669.21
_bL4
100 _aReid, Frank H
245 _aGold plating technology
260 _aScotland:
_bElectrochemical Publications Limited,
_c1974
300 _axix, 630p.
650 _aScience
653 _aChemistry
700 _aGoldie, William
942 _2udc
_cBK
999 _c40698
_d40698